3 indices = un personnage de TVDU - Statistiques

Statistiques générales
  • Ce quiz a été pris 598 fois
    595 depuis la dernière actualisation
  • Le résultat moyen est 19 sur 56
Statistiques - réponses
Hint Réponse % Correct
Boucher, écureuil, vampire Stefan Salvatore
98%
Phesmatos, grimoire, plumes Bonnie Bennett
94%
Bourbon, augustine, prison Damon Salvatore
94%
loup, croisé, colère Tyler Lockwood
93%
Mortel, barman, policier Matt Donovan
91%
Nounours, pom-pom girl, jumelles Caroline Forbes
88%
Doppleganger, Coma, immortelle Elena Gilbert
85%
prison, augustine, rancunier Enzo St John
84%
Dopplegagner, voyageuse, poursuivis Katherine Pierce
82%
batard, redoutable, plaine lune Klaus Mikaelson
81%
Gémeau, sociopathe, ascendant Kai Parker
63%
Louve, meute du croissant, orpheline Hayley Marshall
61%
Mariage, jumelles, infirmière Jo Laughlin
61%
Original, mode, liberté Rebekah Mikaelson
56%
Père, directeur, chasseur Alaric Saltzman
52%
Chasseur, tatouage, mortel Jeremy Gilbert
52%
Psychopathe, original, "relax darling" Kol Mikaelson
41%
Gentleman, promesse, porte Elijah Mikaelson
39%
Police, étoile, enfant Liz Forbes
37%
Magie, motus, gémeau Liv Parker
36%
Chef, Nouvelle-Orleans, améliorer Marcel Gerard
34%
Sang, piscine, trident Sybil
34%
Hérétique, diable, blonde Mary-Louise
28%
Feu, enfer, diable Cade
26%
Miss, mortelle, innocente April Young
24%
Moisson, sorcière, cimetière Davina Claire
23%
Gitan, doppleganger, maire Silas
23%
Mortelle, psychologie, barman Camille O'Connell
22%
Loup, disparu, torturer Mason Lockwood
20%
Sorcière, immortalité, Cléopatre Qetsiyah Bennett
20%
Père, chasseur, enfoiré Mikael Mikaelson
19%
Mère, réssusciter, magie Esther Mikaelson
18%
Vampire, gay, soumis Josh Rosza
17%
Loup, mariage, alpha Jackson Kenner
15%
Journaliste, hypnose, Salvatore Andie Star
14%
Tante, sorcière, puissante Dahlia Mikaelson
13%
Hérétique, blonde, ascendant Lizzie Saltzman
11%
Loup, gay, griffures Aiden
10%
Loup, lesbienne, docteur Keelin Malraux
10%
Sorcier, possession corp, néant Vincent Griffith
10%
Magie, immortelle, talisman Freya Mikaelson
9%
Dark, magie, sablier Josie Saltzman
9%
Pieu, serviette, vampire Lexi Branson
9%
Vincent Griffith, vampire, trahison Finn Mikaelson
8%
Phoenix, immortelle, Malivore Landon Kirby
8%
Moisson, réssusciter, soeur Monique Deveraux
8%
Magie noir, enfants, tueuse Eva Sinclair
7%
Néant, magie noir, puissante Inadu Labonair
7%
Magie, crocs, famille Hope Mikaelson
6%
Vampire, afro, controle Mg Greasley
6%
Violon, vampire, flirte Gia
5%
Vampire, magie, appartement Lucien Castle
5%
Bipolaire, piano, révolvaire Aurora De Martel
4%
Vampire, pirate, monde prison Sebastian
4%
Magie, voyante, médiume Ivy
3%
Professeur, magie, amour Emma Tig
2%
Aucun quiz correspondant
Distribution des résultats
% des personnes avec chaque résultat
Percentile par nombre de réponses
Votre historique - résultats
Vous n’avez pas pris ce quiz depuis la dernière actualisation